000 00792cam a2200229 4500
001 X113058
008 000000n2001 000 0 eng u
035 _a(Sirsi) u113058
100 _aSinden, N.
245 _aTesting the guidance
260 _c2001
490 _aPlanning (for the Natural and Built Environment)
_v(1420) 25 May 2001, 18(1)
520 _aAssessment of the impact and mixed reception for the new revised guidance PPG3, intended by government as a new approach to housebuilding giving local authorities the tool to make the most efficient use of land.
650 _aNEW HOUSING
650 _aPLANNING POLICY
650 _aPPG3
650 _aCPRE
650 _aURBAN RENEWAL
650 _aGREENFIELD DEVELOPMENT
690 _aHOUSING-DEVELOPMENT
942 _n0
999 _c67299
_d67299